<?xml version="1.0" encoding="UTF-8"?>
<record
    xmlns:xsi="http://www.w3.org/2001/XMLSchema-instance"
    xsi:schemaLocation="http://www.loc.gov/MARC21/slim http://www.loc.gov/standards/marcxml/schema/MARC21slim.xsd"
    xmlns="http://www.loc.gov/MARC21/slim">

  <leader>01956nam0a2200325   4500</leader>
  <controlfield tag="001">RU\NLR\BIBL_A\022286134</controlfield>
  <controlfield tag="005">20260409075114.0</controlfield>
  <datafield tag="035" ind1=" " ind2=" ">
    <subfield code="a">(NLR Aleph) 022286134</subfield>
  </datafield>
  <datafield tag="090" ind1=" " ind2=" ">
    <subfield code="a">13228728</subfield>
    <subfield code="c">13228728</subfield>
  </datafield>
  <datafield tag="100" ind1=" " ind2=" ">
    <subfield code="a">20060306d1886    u  y0rusy50      ca</subfield>
  </datafield>
  <datafield tag="101" ind1="0" ind2=" ">
    <subfield code="a">rus</subfield>
  </datafield>
  <datafield tag="102" ind1=" " ind2=" ">
    <subfield code="a">RU</subfield>
  </datafield>
  <datafield tag="105" ind1=" " ind2=" ">
    <subfield code="a">y   z   |||||</subfield>
  </datafield>
  <datafield tag="200" ind1="1" ind2=" ">
    <subfield code="a">&#x414;&#x432;&#x435; &#x433;&#x43B;&#x430;&#x432;&#x43D;&#x435;&#x439;&#x448;&#x438;&#x44F; &#x437;&#x430;&#x43F;&#x43E;&#x432;&#x435;&#x434;&#x438; &#x411;&#x43E;&#x436;&#x438;&#x438;</subfield>
    <subfield code="f">(&#x441;&#x43E;&#x447;&#x438;&#x43D;. &#x43F;&#x43E;&#x43A;&#x43E;&#x439;&#x43D;. &#x438;&#x435;&#x440;&#x43E;&#x43C;&#x43E;&#x43D;&#x430;&#x445;&#x430; &#x43E;. &#x410;&#x440;&#x441;&#x435;&#x43D;&#x438;&#x44F;)</subfield>
  </datafield>
  <datafield tag="205" ind1=" " ind2=" ">
    <subfield code="a">3-&#x435; &#x438;&#x437;&#x434;.</subfield>
  </datafield>
  <datafield tag="210" ind1=" " ind2=" ">
    <subfield code="a">&#x41C;&#x43E;&#x441;&#x43A;&#x432;&#x430;</subfield>
    <subfield code="c">&#x422;&#x438;&#x43F;&#x43E;&#x433;&#x440;&#x430;&#x444;&#x438;&#x44F; &#x418;. &#x415;&#x444;&#x438;&#x43C;&#x43E;&#x432;&#x430;</subfield>
    <subfield code="d">&#x446;&#x435;&#x43D;&#x437;. 1886</subfield>
  </datafield>
  <datafield tag="215" ind1=" " ind2=" ">
    <subfield code="a">4 &#x441;.</subfield>
    <subfield code="d">22</subfield>
  </datafield>
  <datafield tag="225" ind1="1" ind2=" ">
    <subfield code="a">&#x411;&#x43B;&#x430;&#x433;&#x43E;&#x441;&#x43B;&#x43E;&#x432;&#x435;&#x43D;&#x438;&#x435; &#x41E;&#x431;&#x438;&#x442;&#x435;&#x43B;&#x438; &#x421;&#x432;. &#x41F;&#x430;&#x43D;&#x442;&#x435;&#x43B;&#x435;&#x438;&#x43C;&#x43E;&#x43D;&#x430;</subfield>
    <subfield code="v">22</subfield>
  </datafield>
  <datafield tag="309" ind1=" " ind2=" ">
    <subfield code="a">&#x411;&#x435;&#x437; &#x442;&#x438;&#x442;. &#x43B;. &#x438; &#x43E;&#x431;&#x43B;.</subfield>
  </datafield>
  <datafield tag="316" ind1=" " ind2=" ">
    <subfield code="a">&#x42D;&#x43A;&#x437;. &#x420;&#x41D;&#x411; &#x432;&#x445;&#x43E;&#x434;&#x438;&#x442; &#x432; &#x43A;&#x43E;&#x43D;&#x432;&#x43E;&#x43B;&#x44E;&#x442;, &#x43F;&#x440;&#x438;&#x43F;&#x43B;&#x435;&#x442;&#x435;&#x43D;&#x43E; &#x43A;: &#x412; &#x447;&#x435;&#x43C; &#x441;&#x43E;&#x441;&#x442;&#x43E;&#x438;&#x442; &#x438;&#x441;&#x442;&#x438;&#x43D;&#x43D;&#x43E;&#x435; &#x43F;&#x43E;&#x43A;&#x430;&#x44F;&#x43D;&#x438;&#x435;? ; &#x41E; &#x441;&#x432;. &#x442;&#x430;&#x438;&#x43D;&#x441;&#x442;&#x432;&#x430;&#x445; &#x43F;&#x440;&#x438;&#x447;&#x430;&#x449;&#x435;&#x43D;&#x438;&#x44F; &#x438; &#x435;&#x43B;&#x435;&#x43E;&#x441;&#x432;&#x44F;&#x449;&#x435;&#x43D;&#x438;&#x44F; : (&#x438;&#x437; &#x441;&#x43E;&#x447;&#x438;&#x43D;&#x435;&#x43D;&#x438;&#x439; &#x43F;&#x43E;&#x43A;&#x43E;&#x439;&#x43D;&#x430;&#x433;&#x43E; &#x410;&#x444;&#x43E;&#x43D;&#x441;&#x43A;&#x430;&#x433;&#x43E; &#x438;&#x435;&#x440;&#x43E;&#x43C;&#x43E;&#x43D;&#x430;&#x445;&#x430; &#x410;&#x440;&#x441;&#x435;&#x43D;&#x438;&#x44F;) . &#x41C;&#x43E;&#x441;&#x43A;&#x432;&#x430; : &#x422;&#x438;&#x43F;&#x43E;-&#x41B;&#x438;&#x442;&#x43E;&#x433;&#x440;&#x430;&#x444;&#x438;&#x44F; &#x418;. &#x415;&#x444;&#x438;&#x43C;&#x43E;&#x432;&#x430; , &#x446;&#x435;&#x43D;&#x437;. 1893</subfield>
    <subfield code="5">NLR 18.257.1.303</subfield>
  </datafield>
  <datafield tag="482" ind1=" " ind2="0">
    <subfield code="1">001v19\rc\1540794</subfield>
    <subfield code="9">5450713</subfield>
    <subfield code="c">&#x41C;&#x43E;&#x441;&#x43A;&#x432;&#x430;</subfield>
    <subfield code="d">&#x446;&#x435;&#x43D;&#x437;. 1893</subfield>
    <subfield code="e">3-&#x435; &#x438;&#x437;&#x434;.</subfield>
    <subfield code="n">&#x422;&#x438;&#x43F;&#x43E;-&#x41B;&#x438;&#x442;&#x43E;&#x433;&#x440;&#x430;&#x444;&#x438;&#x44F; &#x418;. &#x415;&#x444;&#x438;&#x43C;&#x43E;&#x432;&#x430;</subfield>
    <subfield code="o">(&#x438;&#x437; &#x441;&#x43E;&#x447;&#x438;&#x43D;&#x435;&#x43D;&#x438;&#x439; &#x43F;&#x43E;&#x43A;&#x43E;&#x439;&#x43D;&#x430;&#x433;&#x43E; &#x410;&#x444;&#x43E;&#x43D;&#x441;&#x43A;&#x430;&#x433;&#x43E; &#x438;&#x435;&#x440;&#x43E;&#x43C;&#x43E;&#x43D;&#x430;&#x445;&#x430; &#x410;&#x440;&#x441;&#x435;&#x43D;&#x438;&#x44F;)</subfield>
    <subfield code="p">8 &#x441;.</subfield>
    <subfield code="t">&#x412; &#x447;&#x435;&#x43C; &#x441;&#x43E;&#x441;&#x442;&#x43E;&#x438;&#x442; &#x438;&#x441;&#x442;&#x438;&#x43D;&#x43D;&#x43E;&#x435; &#x43F;&#x43E;&#x43A;&#x430;&#x44F;&#x43D;&#x438;&#x435;?</subfield>
  </datafield>
  <datafield tag="518" ind1="1" ind2=" ">
    <subfield code="a">&#x414;&#x432;&#x435; &#x433;&#x43B;&#x430;&#x432;&#x43D;&#x435;&#x439;&#x448;&#x438;&#x435; &#x437;&#x430;&#x43F;&#x43E;&#x432;&#x435;&#x434;&#x438; &#x411;&#x43E;&#x436;&#x44C;&#x438;</subfield>
  </datafield>
  <datafield tag="606" ind1=" " ind2=" ">
    <subfield code="a">&#x41B;&#x44E;&#x431;&#x43E;&#x432;&#x44C; (&#x440;&#x435;&#x43B;&#x438;&#x433;.)</subfield>
    <subfield code="3">RU\NLR\AUTH\661390813</subfield>
    <subfield code="9">2325148</subfield>
  </datafield>
  <datafield tag="686" ind1="0" ind2=" ">
    <subfield code="a">&#x42D;372.24-433.221.1</subfield>
  </datafield>
  <datafield tag="700" ind1=" " ind2="0">
    <subfield code="8">rus</subfield>
    <subfield code="7">ca</subfield>
    <subfield code="a">&#x410;&#x440;&#x441;&#x435;&#x43D;&#x438;&#x439;</subfield>
    <subfield code="c">&#x41C;&#x438;&#x43D;&#x438;&#x43D;, &#x410;&#x43B;&#x435;&#x43A;&#x441;&#x430;&#x43D;&#x434;&#x440; &#x418;&#x432;&#x430;&#x43D;&#x43E;&#x432;&#x438;&#x447;</subfield>
    <subfield code="c">&#x438;&#x435;&#x440;&#x43E;&#x43C;&#x43E;&#x43D;&#x430;&#x445;</subfield>
    <subfield code="f">1823-1879</subfield>
    <subfield code="3">RU\NLR\AUTH\774512</subfield>
    <subfield code="9">114492</subfield>
  </datafield>
  <datafield tag="852" ind1=" " ind2=" ">
    <subfield code="a">NLR</subfield>
    <subfield code="j">18.257.1.303(22)</subfield>
  </datafield>
  <datafield tag="942" ind1=" " ind2=" ">
    <subfield code="c">BOOK</subfield>
  </datafield>
  <datafield tag="980" ind1=" " ind2=" ">
    <subfield code="a">NB</subfield>
  </datafield>
  <datafield tag="995" ind1=" " ind2=" ">
    <subfield code="5">2024-10-03</subfield>
    <subfield code="b">NLR02</subfield>
    <subfield code="c">NLR02</subfield>
    <subfield code="e">RFS</subfield>
    <subfield code="f">22286134-10</subfield>
    <subfield code="k">18.257.1.303(22)</subfield>
    <subfield code="o">0</subfield>
    <subfield code="r">BOOK</subfield>
    <subfield code="s">18257130322_</subfield>
  </datafield>
</record>
